Africa: Geography and more by Letter P, R, S - Statistics

General Stats
  • This quiz has been taken 182 times
    164 since last reset
  • The average score is 16 of 27
Answer Stats
Hint Answer % Correct
Country at the Horn of Africa starting with "S" Somalia
96%
Only Country starting with "R" Rwanda
95%
Biggest Desert of the World Sahara
95%
Southernmost Country of Africa South Africa
95%
Country starting with "S" having only five letters Sudan
95%
Newest Country of the World, founded 2011, suffering from Civil War South Sudan
93%
East-African Island Country starting with "S" Seychelles
87%
West-African Island Country starting with "S" Sao Tome and Principe
86%
Pretoria
83%
Little Country in Southern Africa starting with "S" Swaziland
75%
Sea which borders with Egypt, Sudan, Eritrea and Djibouti Red Sea
72%
Another two Countries starting with "S" Senegal
71%
Journey to Africa with the Chance of watching Big Game Safari
67%
Sierra Leone
65%
Only Capital starting with "R" Rabat
55%
National Park, Savannah in Tanzania, its Name meaning: Endless Land (Massai) Serengeti
50%
Praia
49%
Porto Novo
46%
Capitals starting with "P" Port Louis
45%
Seaport in South Africa Port Elizabeth
43%
Most well-known of the Seven Wonders of the Ancient World Pyramids
41%
Rastafaris call him "Messias", Last Emperor of Ethiopia, His name translated: Power of Trinity Haile Selassie
34%
Arid Area south of the desert questioned above, with repeated severe droughts Sahelian Zone
33%
This Valley is called: "Cradle of humanity", Kenya, Origin of mankind Rift Valley
23%
State President, who got the Nobel Peace Prize 1978 Anwar as-Sadat
13%
Greek mathematician, astronomer and geographer, born 100 AD, _________ System Claudius Ptolemäus
10%
Famous Franco-German Doctor and Philosopher in Africa (Lambarene) Albert Schweitzer
1%
No matching quizzes found
Score Distribution
Percent of People with Each Score
Percentile by Number Answered
Your Score History
You have not taken this quiz since the last reset